| 000 | 00668nam a2200217 u 4500 | ||
|---|---|---|---|
| 005 | 20220622063641.0 | ||
| 008 | 150223s1993 r 000 0 eng d | ||
| 020 | _a9686579753 | ||
| 035 | _aUPN01000201955 | ||
| 049 | _aI | ||
| 050 | 4 |
_aPZ76.3 _bM3.34 |
|
| 100 | 1 |
_aMartínez Blanco, Enrique, _d1947- _932755 |
|
| 245 | 1 | 0 |
_aFestival de los animales / _cEnrique Martínez Blanco, Enrique Pérez Díaz. |
| 260 |
_aMéxico : _bSITESA, _c1993. |
||
| 300 |
_a38 p. : _bil. col. |
||
| 650 | 0 |
_aAnimales _vCuentos y leyendas _9234 |
|
| 650 | 4 |
_aCUENTOS INFANTILES CUBANOS _911212 |
|
| 700 | 1 |
_aPérez Díaz, Enrique, _ecoaut. |
|
| 905 | _ainfantil | ||
| 999 |
_c174056 _d174056 |
||